000 01056nam0a22002651 4500
001 rc\1573911
005 20130605155523.1
035 _a(NLR Aleph) 005282079
090 _a6108522
_c6108522
100 _a20061002d1893 u y0rusy50 ca
101 1 _arus
_cdan
102 _aRU
105 _aa z |||||
200 1 _aСказки Андерсена
_fПер. В.П. Андреевской
210 _aСанкт-Петербург
_cФ.А. Битепаж
_dценз. 1893
215 _a[4], 241, [3] с., 1 л. цв. фронт. (ил.), 4 л. цв. ил.
_cил.
_d21
700 1 _7ca
_8rus
_aАндерсен
_bХ. К.
_f1805-1875
_gХанс Кристиан
_9112181
_3RU\NLR\AUTH\772165
702 1 _4730
_7ca
_8rus
_aАндреевская
_bВ. П.
_f1848-ок.1915
_gВарвара Павловна
_996067
_3RU\NLR\AUTH\77113142
801 0 _aRU
_bNLR
_c20061002
_gpsbo
801 0 _aRU
_bRuMoRGB
_c20061002
_2psbo
801 1 _aRU
_bProSoft-M
_c20061002
_2rusmarc
801 2 _aRU
_bNLR
_c20130605
_2rusmarc
852 _aNLR
_j18.268.3.57
942 _cUNSPEC
980 _aNB